Parque Nacional Natural Los nevados: (Registro nro. 7177)
[ vista simple ]
| 000 -CABECERA | |
|---|---|
| Campo de control | 01203nam a2200217 a 4500 |
| 005 - FECHA Y HORA DE LA ULTIMA TRANSACCION | |
| Campo de control | 20200104041615.0 |
| 008 - ELEMENTOS DE LONGITUD FIJA—INFORMACION GENERAL | |
| Campo de control | 140130b2007 ck ||||| |||| 00| 0 spa d |
| 040 ## - FUENTE DE CATALOGACIÓN | |
| Agencia catalogadora original | CO-BoIAVH |
| Agencia transcriptora | CO-BoIAVH |
| 041 ## - IDIOMA | |
| Código de idioma para texto/pista de sonido o título separado | Español |
| 044 ## - PAÍS DE PUBLICACIÓN | |
| País de publicación | Colombia |
| 082 ## - NUMERO DE CLASIFICACION DECIMAL DEWEY | |
| Número de clasificación | 333.783 I35r2 |
| Número del ítem | I35r2 |
| 245 00 - MENCION DE TITULO | |
| Título | Parque Nacional Natural Los nevados: |
| Parte restante del título | resúmen ejecutivo. Plan de manejo 2005-2009/ |
| 260 ## - PUBLICACION, DISTRIBUCION, ETC. (PIE DE IMPRENTA) | |
| Lugar de publicación, distribución, etc. | Bogotá: |
| Nombre del editor, distribuidor, etc. | Parque Nacionales Naturales, |
| -- | IAVH, |
| Fecha de publicación, distribución, etc. | 2007. |
| 300 ## - DESCRIPCION FISICA | |
| Extensión | 52 p. |
| 505 ## - NOTA DE CONTENIDO | |
| Nota de contenido | Contenido CD: Plan de Manejo Documento Ejecutivo SFF Otún Quimbaya -- Plan de Manejo Documento Ejecutivo SFF El Cocuy -- Plan de Manejo Documento Ejecutivo PNN Pisba -- Plan de Manejo Documento Ejecutivo Tamá -- Plan de Manejo Documento Ejecutivo Iguaque -- Plan de Manejo Documento Ejecutivo Nevados -- Plan de Manejo Otún Quimbaya 2006 -- Plan de Manejo Iguaque 2006 -- Plan de Manejo El Cocuy 2006 -- Plan de Manejo PNN Pisba -- Plan de Manejo Tamá -- Plan de Manejo PNN Nevados -- Informe final ONF Andina para GEF Andes |
| 650 ## - ASIENTO SECUNDARIO DE MATERIA - TERMINO TEMATICO | |
| Término temático o nombre geográfico como elemento de entrada | Parques Nacionales Naturales |
| 9 (RLIN) | 87160 |
| 650 ## - ASIENTO SECUNDARIO DE MATERIA - TERMINO TEMATICO | |
| Término temático o nombre geográfico como elemento de entrada | Planes de manejo |
| 9 (RLIN) | 87161 |
| 650 ## - ASIENTO SECUNDARIO DE MATERIA - TERMINO TEMATICO | |
| Término temático o nombre geográfico como elemento de entrada | Areas protegidas |
| 9 (RLIN) | 78 |
| 650 ## - ASIENTO SECUNDARIO DE MATERIA - TERMINO TEMATICO | |
| Término temático o nombre geográfico como elemento de entrada | Planes de ordenamiento territorial |
| 9 (RLIN) | 2772 |
| 942 ## - ELEMENTOS ADICIONALES (KOHA) | |
| Tipo de ítem | Libro |
| Sistema de clasificación | Local |
| Withdrawn status | Lost status | Sistema de Clasificación | Damaged status | No para préstamo | Colección | Inventariado | Ubicación Permanente | Ubicación actual | Fecha de adquisición | Fuente de Valor | Valor | Total Checkouts | Número topográfico | Inventario / Código de Barras | Date last seen | Ejemplar | Price effective from | Forma de adquisición | Tipo de material | Public note |
|---|---|---|---|---|---|---|---|---|---|---|---|---|---|---|---|---|---|---|---|---|
| Dewey Decimal Classification | Humboldt | Inventariado 2017 | Bogotá | Bogotá | 25/11/2008 | Instituto | 40000.00 | IAVH-333.783 I35r2 | 026521 | 04/12/2012 | Ej.1 | 04/12/2012 | Institucional | Libro | ||||||
| Local | Humboldt | Bogotá | Bogotá | 25/11/2008 | IAVH-01239 | 026531 | 04/12/2012 | Ej. 2 | 04/12/2012 | Institucional | CD-ROM | Parque Los Nevados | ||||||||
| Local | Humboldt | Inventariado 2017 | Villa de Leyva | Villa de Leyva | 25/11/2008 | IAVH-01239 | 026522 | 04/12/2012 | Ej.1 | 04/12/2012 | Institucional | Folleto | ||||||||
| Local | Humboldt | Inventariado 2017 | Villa de Leyva | Villa de Leyva | 31/07/2009 | IAVH-01239 | 027400 | 04/12/2012 | Ej. 2 | 04/12/2012 | Institucional | Folleto |